|
|
|
|
| LEADER |
00000nam a2200000 a 4500 |
| 001 |
vtls001258164 |
| 003 |
SK-MaSNL |
| 005 |
20260301101616.0 |
| 008 |
250414s1978 IT 0 slo |
| 035 |
|
|
|a SNK000209001
|
| 040 |
|
|
|a SNK
|b slo
|c SNK
|e AACR2
|
| 041 |
0 |
|
|a slo
|
| 044 |
|
|
|a IT
|
| 080 |
|
|
|a 783.9:786.6
|2 1981
|
| 080 |
|
|
|a 786.6
|2 1981
|
| 080 |
|
|
|a 245
|2 1981
|
| 245 |
0 |
0 |
|a Výber zhudobnených hymnov na postvätenie času
|h Hudobnina
|b So sprievodom organa ; Aut. Július Gašparík, Stano Kmotorka, Jozef Strečanský, Štefan Olos ; Prekl. Gorazd Zvonický ; Aut. obál. Andrej Pauliny
|
| 250 |
|
|
|a 1. vyd.
|
| 260 |
|
|
|a Rím
|b Slovenský ústav sv. Cyrila a Metoda
|c 1978
|e Rím
|f Saleziánska škola Pia XI.
|
| 300 |
|
|
|a 111 s.
|c 27x17,5 cm
|
| 500 |
|
|
|a Obs. 95 piesní
|
| 650 |
0 |
7 |
|a [RB451]
|2 SNK
|9 436108
|
| 700 |
1 |
|
|a Gašparík, Július,
|d 1915-1989
|4 aut
|9 48022
|
| 700 |
1 |
|
|a Kmotorka, Stano,
|d 1929-2012
|4 aut
|9 39991
|
| 700 |
1 |
|
|a Strečanský, Jozef
|4 aut
|9 379142
|
| 700 |
1 |
|
|a Olos, Štefan
|4 aut
|9 436109
|
| 700 |
1 |
|
|a Zvonický, Gorazd,
|d 1913-1995
|4 trl
|9 98302
|
| 700 |
1 |
|
|a Pauliny, Andrej,
|d 1925-2005
|4 nob
|9 233649
|
| 852 |
|
|
|a Slovenská národná knižnica
|
| 924 |
|
|
|a spev a organ
|
| 954 |
|
|
|a duchovná tvorba
|a hymny
|a chválospevy
|
| 958 |
|
|
|a HHU
|
| 958 |
|
|
|a TL
|
| 958 |
|
|
|a ZS
|
| 958 |
|
|
|a OND
|
| 999 |
|
|
|c 689839
|d 691769
|
| 952 |
|
|
|t P60, <03>, [BOOK], {603}
|a SNK
|b SNK
|y PREZ
|7 0
|p 17A0137815
|o snkHSB 3126
|i snkV 1879/92
|0 0
|1 0
|4 0
|d 1998-05-11
|l 0
|r 2005-01-01 00:00:00
|w 2026-02-23
|